[Event "BL 1314 SF Katernberg - SV Griesheim"]
[Site "?"]
[Date "2013.12.15"]
[Round "6.7"]
[White "Walter, Stefan"]
[Black "Thesing, Matthias"]
[Result "1-0"]
[WhiteElo "351"]
[BlackElo "355"]
[PlyCount "81"]
[EventDate "2013.??.??"]

1. d4 d5 2. Nf3 Nf6 3. c4 e6 4. g3 Bb4+ 5. Bd2 Be7 6. Bg2 O-O 7. O-O c6 8. Qc2
Nbd7 9. Bf4 a5 10. Rd1 a4 11. Ne5 Nh5 12. Bc1 Nhf6 13. Nc3 a3 14. e4 axb2 15.
Bxb2 dxc4 16. Nxc4 b5 17. Ne3 b4 18. Ne2 Ba6 19. Nc1 Nb6 20. Nb3 Na4 21. Rac1
Nxb2 22. Qxb2 Qb8 23. Na5 Bb5 24. Nxc6 Bxc6 25. Rxc6 Ra7 26. d5 exd5 27. exd5
Rd8 28. Nf5 Bf8 29. Nh6+ gxh6 30. Qxf6 Rad7 31. Be4 Bg7 32. Qf5 Qe5 33. Qxh7+
Kf8 34. Rc2 Rd6 35. Kg2 Rf6 36. Rcd2 Qd6 37. Bf3 Qb6 38. Qd3 Rfd6 39. Rc2 Qa5
40. Qc4 Bc3 41. a3 1-0

[Event "BL 1314 SF Katernberg - SV Griesheim"]
[Site "?"]
[Date "2013.12.15"]
[Round "6.8"]
[White "Hoolt, Sarah"]
[Black "Diaz, Joaquin Dr"]
[Result "1-0"]
[WhiteElo "330"]
[BlackElo "168"]
[PlyCount "73"]
[EventDate "2013.??.??"]

1. e4 Nf6 2. e5 Nd5 3. c4 Nb6 4. d4 d6 5. exd6 cxd6 6. Nc3 g6 7. Be3 Bg7 8. Rc1
O-O 9. b3 Nc6 10. d5 Ne5 11. Be2 Re8 12. f4 Ned7 13. Nf3 Nf6 14. O-O e6 15.
dxe6 Bxe6 16. Bd4 d5 17. c5 Nbd7 18. Ng5 Qa5 19. g4 Nxc5 20. f5 gxf5 21. gxf5
Bc8 22. Nxd5 Nce4 23. Nxe4 Nxd5 24. Rc5 Bxd4+ 25. Qxd4 Rxe4 26. Qxd5 Qb6 27.
Bh5 Bd7 28. Rf3 Kh8 29. Bxf7 Rc8 30. Rg3 Rf8 31. Be6 Bxe6 32. fxe6 Rxe6 33.
Qd4+ Ref6 34. Kg2 Qa6 35. Rc4 Qxa2+ 36. Kh3 Qe2 37. Qxf6+ 1-0

[Event "BL 1314 Turm Emsdetten - SC Eppingen"]
[Site "?"]
[Date "2014.02.08"]
[Round "7.1"]
[White "Harikrishna, P."]
[Black "Giri, Anish"]
[Result "1/2-1/2"]
[WhiteElo "2712"]
[BlackElo "2746"]
[PlyCount "82"]
[EventDate "2014.??.??"]

1. Nf3 f5 2. d4 Nf6 3. Bg5 e6 4. Nbd2 Be7 5. Bxf6 Bxf6 6. e4 O-O 7. Bd3 d5 8.
exf5 exf5 9. O-O Nc6 10. Nb3 Qd6 11. Re1 Bd7 12. c3 b6 13. Qc2 g6 14. Re2 Rae8
15. Rae1 Rxe2 16. Rxe2 Re8 17. Rxe8+ Bxe8 18. Bb5 Qe6 19. Qd3 g5 20. Qe3 Qxe3
21. fxe3 Kf8 22. Kf2 Ke7 23. h3 h5 24. g3 g4 25. Ne1 h4 26. hxg4 fxg4 27. Ng2
Nxd4 28. Nxd4 Bxd4 29. gxh4 g3+ 30. Kf3 Bh5+ 31. Kxg3 Be5+ 32. Kf2 c5 33. Be2
Bf7 34. Ne1 d4 35. exd4 cxd4 36. c4 d3 37. Nxd3 Bf6 38. b3 Bxh4+ 39. Kf1 Kd6
40. Bf3 Bg6 41. Ke2 Bxd3+ 1/2-1/2

[Event "BL 1314 Turm Emsdetten - SC Eppingen"]
[Site "?"]
[Date "2014.02.08"]
[Round "7.2"]
[White "Mchedlishvili, Mikheil"]
[Black "Bologan, Viktor"]
[Result "1/2-1/2"]
[WhiteElo "2655"]
[BlackElo "2661"]
[PlyCount "208"]
[EventDate "2014.??.??"]

1. d4 d6 2. Nf3 g6 3. c4 Nf6 4. Nc3 Bf5 5. g3 Ne4 6. Qb3 Nxc3 7. bxc3 Be4 8.
Bh3 Bg7 9. O-O O-O 10. Ng5 Bc6 11. d5 Bd7 12. Qxb7 Bxh3 13. Qxa8 Bxf1 14. Kxf1
Bxc3 15. Rb1 Bd4 16. Rb7 Qc8 17. Kg2 Nd7 18. Qxc8 Rxc8 19. Nf3 Bb6 20. Be3 e5
21. dxe6 fxe6 22. Ng5 Bxe3 23. fxe3 Nc5 24. Rxa7 e5 25. Nh3 Kf7 26. Nf2 e4 27.
Nd1 Ke6 28. Nc3 c6 29. Na4 Nxa4 30. Rxa4 Rb8 31. Kf2 h5 32. h3 c5 33. g4 h4 34.
a3 Rb1 35. Ra8 Rc1 36. Re8+ Kf7 37. Rxe4 g5 38. a4 Ra1 39. a5 Rxa5 40. Kg2 Ra8
41. Kf3 Rh8 42. Kg2 Rh6 43. Kf2 Rf6+ 44. Kg2 Re6 45. Kf3 Rh6 46. Kf2 Rh8 47.
Kg2 Rb8 48. Kf2 Rb4 49. Kf3 Kf6 50. Re8 Rxc4 51. Rf8+ Ke7 52. Rf5 Rc1 53. Ke4
Rh1 54. Rxg5 Rxh3 55. Rh5 Rh1 56. Rh7+ Kf6 57. Kf3 h3 58. Kg3 h2 59. g5+ Kxg5
60. Rd7 Re1 61. Kxh2 Rxe2+ 62. Kg1 Rd2 63. Kf1 Kf5 64. Ke1 Ke6 65. Rh7 Rg2 66.
Rh5 Kd7 67. Kd1 Kc6 68. Rf5 Kb5 69. Rd5 Kc6 70. Rh5 d5 71. Ke1 c4 72. Kd1 Rg4
73. Kd2 Kc5 74. Rh8 Rg6 75. Kc3 Re6 76. Rc8+ Kd6 77. Kd2 Re7 78. Rd8+ Rd7 79.
Rh8 Rb7 80. Rd8+ Kc5 81. Rc8+ Kb4 82. Kc2 Rb5 83. Re8 Ra5 84. Rb8+ Kc5 85. Rc8+
Kb5 86. Re8 Ra2+ 87. Kc3 Ra3+ 88. Kc2 Kb4 89. Rb8+ Kc5 90. Rc8+ Kd6 91. e4 dxe4
92. Rxc4 Ke5 93. Kd2 Kf4 94. Rc8 Ra2+ 95. Ke1 Kf3 96. Re8 Ke3 97. Kf1 Ra1+ 98.
Kg2 Kd3 99. Kf2 Ra2+ 100. Ke1 Rh2 101. Kf1 Ke3 102. Ra8 Rd2 103. Ke1 Re2+ 104.
Kf1 Rf2+ 1/2-1/2

[Event "BL 1314 Turm Emsdetten - SC Eppingen"]
[Site "?"]
[Date "2014.02.08"]
[Round "7.4"]
[White "Grandelius, Nils"]
[Black "Bogner, Sebastian"]
[Result "0-1"]
[WhiteElo "2605"]
[BlackElo "2565"]
[PlyCount "136"]
[EventDate "2014.??.??"]

1. e4 c5 2. Nf3 d6 3. d4 Nf6 4. Nc3 cxd4 5. Nxd4 a6 6. Bc4 e6 7. Bb3 Nbd7 8.
O-O Nc5 9. Bg5 Be7 10. Re1 O-O 11. f4 h6 12. Bh4 Bd7 13. Qf3 b5 14. e5 dxe5 15.
fxe5 Nh7 16. Bxe7 Qxe7 17. Ne4 Ng5 18. Nxg5 Qxg5 19. c3 Rad8 20. Bc2 Bc8 21.
Re3 Bb7 22. Qe2 b4 23. Rg3 Qe7 24. Rf1 bxc3 25. bxc3 Nd7 26. Qg4 Qg5 27. Qh3
Qd2 28. Qh4 Nxe5 29. Qe7 Bd5 30. Qc7 Ng6 31. h3 Rc8 32. Qa7 Rxc3 33. Rd1 Qxd1+
34. Bxd1 Rxg3 35. Bf3 Bxf3 36. Nxf3 Nf4 37. Qc7 Rxg2+ 38. Kf1 g5 39. Ne5 Rxa2
40. Nd7 Ra1+ 41. Kf2 Ra2+ 42. Kf3 Ra3+ 43. Kf2 Nd5 44. Qc5 Ra2+ 45. Kf3 Rd8 46.
h4 g4+ 47. Kg3 Rxd7 48. Qc8+ Kg7 49. Qxd7 Ra3+ 50. Kh2 Rh3+ 51. Kg2 Rf3 52. h5
Nf4+ 53. Kg1 Nxh5 54. Qa4 Nf6 55. Qxa6 h5 56. Qa5 Kg6 57. Qd2 e5 58. Qe2 e4 59.
Qe1 Rh3 60. Qf1 h4 61. Qf2 Rg3+ 62. Kh1 Rf3 63. Qc2 g3 64. Qc8 Rf1+ 65. Kg2
Rf2+ 66. Kg1 e3 67. Qc4 e2 68. Qd3+ Kg7 0-1

[Event "BL 1314 Turm Emsdetten - SC Eppingen"]
[Site "?"]
[Date "2014.02.08"]
[Round "7.5"]
[White "Postny, Evgeny"]
[Black "Pruijssers, Roeland"]
[Result "1/2-1/2"]
[WhiteElo "2634"]
[BlackElo "2524"]
[PlyCount "63"]
[EventDate "2014.??.??"]

1. d4 f5 2. g3 Nf6 3. Bg2 g6 4. c4 Bg7 5. Nf3 O-O 6. O-O d6 7. Nc3 Qe8 8. d5 a5
9. Nd4 Na6 10. b3 Bd7 11. Bb2 Nc5 12. Qc2 c6 13. Rad1 Rc8 14. Qb1 g5 15. a3 Qh5
16. b4 axb4 17. axb4 Nce4 18. dxc6 bxc6 19. f3 c5 20. Nxf5 Bxf5 21. fxe4 cxb4
22. Nd5 Nxd5 23. Bxg7 Kxg7 24. cxd5 Bg4 25. Qxb4 Bxe2 26. Rxf8 Rxf8 27. Re1 Bf3
28. Qd4+ Kg8 29. Qe3 Bxg2 30. Kxg2 Qg6 31. Rf1 Rxf1 32. Kxf1 1/2-1/2

[Event "BL 1314 Turm Emsdetten - SC Eppingen"]
[Site "?"]
[Date "2014.02.08"]
[Round "7.6"]
[White "Hector, Jonny"]
[Black "Medvegy, Zoltan"]
[Result "1/2-1/2"]
[WhiteElo "2508"]
[BlackElo "2511"]
[PlyCount "50"]
[EventDate "2014.??.??"]

1. e4 c5 2. Nf3 Nc6 3. Nc3 Nf6 4. Bb5 g6 5. e5 Ng4 6. Bxc6 dxc6 7. h3 Nh6 8. d3
Nf5 9. Ne4 Nd4 10. O-O b6 11. Bg5 Qc7 12. Re1 Nxf3+ 13. Qxf3 Be6 14. Bf4 Qd7
15. d4 cxd4 16. Rad1 Rd8 17. c3 c5 18. b4 Qd5 19. bxc5 bxc5 20. c4 Qxc4 21.
Nf6+ exf6 22. Qc6+ Rd7 23. Qc8+ Rd8 24. Qc6+ Rd7 25. Qc8+ Rd8 1/2-1/2

[Event "BL 1314 Turm Emsdetten - SC Eppingen"]
[Site "?"]
[Date "2014.02.08"]
[Round "7.7"]
[White "Guliyev, Namig"]
[Black "Zumsande, Martin"]
[Result "1-0"]
[WhiteElo "2564"]
[BlackElo "2430"]
[PlyCount "99"]
[EventDate "2014.??.??"]

1. e4 e6 2. d4 d5 3. Nc3 Nf6 4. e5 Nfd7 5. f4 c5 6. Nf3 Nc6 7. Be3 a6 8. Qd2 b5
9. dxc5 Bxc5 10. Ne2 Qb6 11. Bxc5 Nxc5 12. Qe3 O-O 13. Ned4 Ne4 14. Bd3 Bb7 15.
O-O f5 16. Rae1 Rae8 17. c3 Na5 18. Nxf5 Qxe3+ 19. Nxe3 Rxf4 20. Nd4 Rxf1+ 21.
Rxf1 Nc5 22. Bxb5 axb5 23. b4 Nd3 24. bxa5 Nxe5 25. Nxb5 Nc6 26. Nd6 Re7 27.
Rb1 Nxa5 28. Ng4 Rd7 29. Rb6 Nc4 30. Nxc4 dxc4 31. Ne5 Rd5 32. Nxc4 Rd1+ 33.
Kf2 Bd5 34. Ne5 h5 35. c4 Be4 36. Rb2 Rc1 37. a4 Ra1 38. c5 Rxa4 39. c6 Ra7 40.
Ke3 Bd5 41. Rc2 Rc7 42. Kd4 Kf8 43. Kc5 Ke7 44. Rf2 Ke8 45. Kd6 Rc8 46. c7 Ra8
47. Rb2 Ra6+ 48. Kc5 Ra5+ 49. Kd4 Ra4+ 50. Kc3 1-0

[Event "BL 1314 Turm Emsdetten - SC Eppingen"]
[Site "?"]
[Date "2014.02.08"]
[Round "7.8"]
[White "Richter, Christian"]
[Black "Mann, Christian Dr"]
[Result "1-0"]
[WhiteElo "2362"]
[BlackElo "2447"]
[PlyCount "125"]
[EventDate "2014.??.??"]

1. d4 d5 2. c4 Nc6 3. Nf3 Bg4 4. Nc3 e6 5. cxd5 exd5 6. Bf4 Bd6 7. Bg3 Bxf3 8.
gxf3 Nge7 9. e3 h5 10. Qc2 h4 11. Bxd6 Qxd6 12. Bh3 Nb4 13. Qb3 c5 14. dxc5
Nd3+ 15. Kf1 Nxc5 16. Qb5+ Qc6 17. Rg1 O-O 18. Rd1 Rad8 19. Rd4 Rd6 20. Qxc6
bxc6 21. Rxh4 Nd3 22. b3 c5 23. Ke2 Nb4 24. a3 Na6 25. Rhg4 g6 26. Ra4 Rb8 27.
Rb1 f5 28. Ke1 d4 29. Bf1 dxc3 30. Rxa6 Rd2 31. Rc1 Rbd8 32. Ra5 f4 33. Rxc5
fxe3 34. fxe3 Rxh2 35. R5xc3 Rdd2 36. Rd1 Rb2 37. Rcd3 Nf5 38. R3d2 Nxe3 39.
Rxh2 Rxh2 40. Rd3 Nc2+ 41. Kd1 Nxa3 42. Rd8+ Kg7 43. Rd7+ Kf6 44. Bd3 Ke5 45.
Rxa7 Kd4 46. Bxg6 Rh1+ 47. Ke2 Rh2+ 48. Kd1 Rh1+ 49. Ke2 Rh2+ 50. Kf1 Nb5 51.
Re7 Rb2 52. Bf7 Nd6 53. Rd7 Kc5 54. Be6 Nb5 55. Ke1 Kc6 56. Rd8 Kc7 57. Rd3 Kc6
58. Bd7+ Kc5 59. Bxb5 Kxb5 60. f4 Kc5 61. f5 Rh2 62. f6 Rh7 63. Rf3 1-0

[Event "BL 1314 SF Katernberg - Bayern München"]
[Site "?"]
[Date "2014.02.08"]
[Round "7.1"]
[White "Belezky, Alexander"]
[Black "Kryvoruchko, Yuriy"]
[Result "0-1"]
[WhiteElo "2451"]
[BlackElo "2704"]
[PlyCount "126"]
[EventDate "2014.??.??"]

1. Nf3 Nf6 2. g3 d5 3. Bg2 e6 4. d3 Be7 5. O-O O-O 6. Nbd2 c5 7. e4 Nc6 8. e5
Nd7 9. Re1 b5 10. Nf1 b4 11. h4 a5 12. Bf4 a4 13. N1h2 Ba6 14. h5 Re8 15. h6 g6
16. Ng4 Nd4 17. Nxd4 cxd4 18. Nh2 b3 19. cxb3 axb3 20. Nf3 bxa2 21. Nxd4 Qb6
22. Nb3 Reb8 23. Nc1 Qxb2 24. Rxa2 Qb1 25. Bf1 Nc5 26. Qc2 d4 27. Qd2 Qb6 28.
Bg5 Bf8 29. Qf4 Qb4 30. Rd1 Bb7 31. Rad2 Qa4 32. Bg2 Bxg2 33. Kxg2 Rb1 34. Qf3
Ra1 35. Rg1 Nd7 36. Qe4 Ra5 37. f4 Nc5 38. Qf3 Qb4 39. Qf2 Rb1 40. Na2 Qb7+ 41.
Kh2 Rxg1 42. Kxg1 Nxd3 43. Rxd3 Qb1+ 44. Qf1 Qxa2 45. Qe1 Rb5 46. Rd2 Qc4 47.
Qe2 Rb1+ 48. Kh2 Qc1 49. Qg2 d3 50. Kh3 Qc3 51. Ra2 Ra1 52. Rb2 Rh1+ 53. Qxh1
Qxb2 54. Qa8 Qa3 55. Qd8 Qc1 56. g4 Qe3+ 57. Kh4 Qf2+ 58. Kh3 Qf3+ 59. Kh4 Qd5
60. Qe8 Qg2 61. Be7 Qh2+ 62. Kg5 Qxh6+ 63. Kf6 Qxf4# 0-1

[Event "BL 1314 SF Katernberg - Bayern München"]
[Site "?"]
[Date "2014.02.08"]
[Round "7.2"]
[White "Romanov, Evgeny"]
[Black "Jorczik, Julian"]
[Result "1-0"]
[WhiteElo "2653"]
[BlackElo "2402"]
[PlyCount "47"]
[EventDate "2014.??.??"]

1. c4 e5 2. Nc3 Nc6 3. Nf3 f5 4. d4 e4 5. Ng5 Nf6 6. Nh3 Bb4 7. Bg5 h6 8. Bxf6
Qxf6 9. e3 g5 10. Qb3 d6 11. Be2 f4 12. Bh5+ Kd8 13. Ng1 fxe3 14. fxe3 g4 15.
Nge2 Qg5 16. Nf4 Rf8 17. O-O Rxf4 18. Rxf4 Bxc3 19. Qxc3 Qxh5 20. Rf8+ Ke7 21.
Raf1 Qg6 22. Qe1 Rb8 23. Qh4+ Qg5 24. R1f7+ 1-0

[Event "BL 1314 SF Katernberg - Bayern München"]
[Site "?"]
[Date "2014.02.08"]
[Round "7.3"]
[White "Meister, Peter"]
[Black "Fier, Alexandr"]
[Result "0-1"]
[WhiteElo "2415"]
[BlackElo "2587"]
[PlyCount "84"]
[EventDate "2014.??.??"]

1. d4 Nf6 2. Nf3 e6 3. e3 b6 4. Bd3 Bb7 5. O-O g6 6. c4 Bg7 7. Nc3 d5 8. cxd5
exd5 9. b4 O-O 10. a4 c6 11. Ba3 Nbd7 12. Qc2 Re8 13. Rfe1 Rc8 14. Rac1 Bf8 15.
Qa2 Bd6 16. b5 c5 17. Bf1 Nf8 18. Red1 Ne6 19. g3 Re7 20. Bh3 Rec7 21. dxc5
bxc5 22. e4 dxe4 23. Bxe6 exf3 24. Nd5 Nxd5 25. Bxd5 Qf6 26. Bxb7 Rxb7 27. Qd5
Rd7 28. Rd3 Qd8 29. Rc4 Rcc7 30. Qxf3 Be7 31. Re3 Rd4 32. Rxd4 Qxd4 33. Re4
Qa1+ 34. Kg2 Bf6 35. Qf4 Rc8 36. Qc1 c4 37. Qxa1 Bxa1 38. Kf3 f5 39. Re7 c3 40.
Bc1 Bb2 41. Bh6 c2 42. a5 f4 0-1

[Event "BL 1314 SF Katernberg - Bayern München"]
[Site "?"]
[Date "2014.02.08"]
[Round "7.4"]
[White "Bok, Benjamin"]
[Black "Reiss, Tibor"]
[Result "1-0"]
[WhiteElo "2568"]
[BlackElo "2375"]
[PlyCount "73"]
[EventDate "2014.??.??"]

1. e4 c5 2. Nf3 e6 3. g3 Nc6 4. Bg2 Nf6 5. Qe2 d6 6. O-O Be7 7. c3 e5 8. Rd1
Bg4 9. h3 Bh5 10. d3 O-O 11. Na3 Re8 12. Nc4 Bf8 13. Ne3 Bxf3 14. Qxf3 g6 15.
Re1 Bg7 16. a4 Qe7 17. h4 Na5 18. Qd1 Rad8 19. Bd2 Nc6 20. a5 Qc7 21. Qa4 Ne7
22. Reb1 Rb8 23. b4 b5 24. axb6 axb6 25. Qb5 Bh6 26. Ra6 Bxe3 27. Bxe3 Kg7 28.
Rba1 Rb7 29. d4 Reb8 30. dxe5 dxe5 31. bxc5 bxc5 32. Qxc5 Rb1+ 33. Rxb1 Rxb1+
34. Bf1 Qxc5 35. Bxc5 Nxe4 36. Bxe7 Nd2 37. Bf6+ 1-0

[Event "BL 1314 SF Katernberg - Bayern München"]
[Site "?"]
[Date "2014.02.08"]
[Round "7.5"]
[White "Fedorovsky, Michael"]
[Black "Firman, Nazar"]
[Result "1/2-1/2"]
[WhiteElo "2409"]
[BlackElo "2530"]
[PlyCount "57"]
[EventDate "2014.??.??"]

1. d4 Nf6 2. c4 d6 3. Nf3 g6 4. Nc3 Bg7 5. e4 O-O 6. Be2 e5 7. O-O Nbd7 8. Re1
c6 9. Bf1 a6 10. Rb1 b5 11. b4 exd4 12. Nxd4 Ne5 13. cxb5 axb5 14. a4 bxa4 15.
Nxa4 Nfg4 16. h3 Nxf2 17. Kxf2 Bxh3 18. gxh3 Qh4+ 19. Kg2 Rxa4 20. Qxa4 Qxe1
21. Qc2 Qh4 22. Be3 Ra8 23. Nf3 Nxf3 24. Kxf3 Ra3 25. Rb3 Ra1 26. Rb1 Ra3 27.
Rb3 Ra1 28. Rb1 Ra3 29. Rb3 1/2-1/2

[Event "BL 1314 SF Katernberg - Bayern München"]
[Site "?"]
[Date "2014.02.08"]
[Round "7.6"]
[White "Siebrecht, Sebastian"]
[Black "Singer, Christoph"]
[Result "1/2-1/2"]
[WhiteElo "2502"]
[BlackElo "2349"]
[PlyCount "82"]
[EventDate "2014.??.??"]

1. d4 d5 2. c4 e6 3. Nc3 Be7 4. Nf3 Nf6 5. Bf4 O-O 6. e3 b6 7. h3 Bb7 8. Rc1
dxc4 9. Bxc4 a6 10. O-O Nbd7 11. d5 exd5 12. Nxd5 Nxd5 13. Bxd5 Bxd5 14. Qxd5
Nc5 15. Qc6 Rc8 16. Rfd1 Qe8 17. Qd5 Qa4 18. Rd4 Qb5 19. Be5 Rfd8 20. Qc4 Qxc4
21. Rcxc4 f6 22. Rxd8+ Bxd8 23. Bd4 Be7 24. g4 Kf7 25. Kg2 Nd7 26. b3 c5 27.
Bb2 b5 28. Rc2 Nb6 29. Nd2 Ke6 30. Kf3 g6 31. Ke2 f5 32. gxf5+ gxf5 33. Nf3 Rd8
34. Ne1 Rd5 35. Nd3 Bd6 36. Ne1 Be7 37. Ng2 Bd6 38. Nh4 Be7 39. Nf3 Rd8 40. Ne5
Bd6 41. Nf3 Be7 1/2-1/2

[Event "BL 1314 SF Katernberg - Bayern München"]
[Site "?"]
[Date "2014.02.08"]
[Round "7.7"]
[White "Zwanzger, Johannes"]
[Black "Thesing, Matthias"]
[Result "1/2-1/2"]
[WhiteElo "2326"]
[BlackElo "2348"]
[PlyCount "177"]
[EventDate "2014.??.??"]

1. e4 c5 2. Nf3 e6 3. d4 cxd4 4. Nxd4 a6 5. Bd3 Nf6 6. O-O Qc7 7. Qe2 d6 8. c4
g6 9. Nc3 Bg7 10. Be3 O-O 11. Rac1 Nbd7 12. b3 b6 13. f3 Bb7 14. Qf2 Rac8 15.
Rfd1 Qb8 16. Bf1 Rfe8 17. Kh1 Rcd8 18. Nde2 Ba8 19. Nf4 g5 20. Nfe2 g4 21. Nf4
Kh8 22. Be2 Rc8 23. fxg4 Nc5 24. Nh5 Ncxe4 25. Nxe4 Nxe4 26. Qh4 Be5 27. Bd4 d5
28. Bf3 dxc4 29. bxc4 Rg8 30. Bxe5+ Qxe5 31. Rd7 Ng5 32. Bxa8 Rxa8 33. Qg3 Qxg3
34. Nxg3 h6 35. Rf1 Rad8 36. Rxd8 Rxd8 37. h3 Rd3 38. Kh2 Kg8 39. h4 Nh7 40.
Rb1 Nf6 41. Rxb6 Nxg4+ 42. Kh3 f5 43. Rb3 Kf7 44. Rxd3 Nf2+ 45. Kh2 Nxd3 46.
Kg1 Ke7 47. Nh5 Kd6 48. Ng7 Ke5 49. Kh2 Nc5 50. Kh3 Ne4 51. g3 a5 52. Kg2 a4
53. a3 Nc5 54. Kf3 Kd4 55. g4 fxg4+ 56. Kxg4 Kxc4 57. Kh5 Kb3 58. Kxh6 Kxa3 59.
h5 Kb2 60. Kg6 Nd7 61. Nxe6 Ne5+ 62. Kg7 Ng4 63. Nc5 a3 64. Nd3+ Kc3 65. Nc1
Kb2 66. Nd3+ Kc2 67. Nb4+ Kb3 68. Nd3 Nf2 69. Nc1+ Kb2 70. h6 Kxc1 71. h7 a2
72. h8=Q a1=Q+ 73. Kh7 Qb1+ 74. Kg8 Qb3+ 75. Kh7 Qd3+ 76. Kg8 Qd5+ 77. Kh7 Ne4
78. Qa1+ Kc2 79. Qa4+ Kd2 80. Qb4+ Ke2 81. Qb2+ Kf3 82. Kg7 Qd7+ 83. Kg6 Qe6+
84. Kg7 Kf4 85. Qh2+ Kg4 86. Qe2+ Kf5 87. Qf3+ Ke5 88. Qh5+ Kd6 89. Qg6 1/2-1/2

[Event "BL 1314 SF Katernberg - Bayern München"]
[Site "?"]
[Date "2014.02.08"]
[Round "7.8"]
[White "Hoolt, Sarah"]
[Black "Lentrodt, Thomas"]
[Result "1-0"]
[WhiteElo "2330"]
[BlackElo "2278"]
[PlyCount "95"]
[EventDate "2014.??.??"]

1. e4 e6 2. d4 d5 3. Nc3 Nf6 4. e5 Nfd7 5. f4 c5 6. Nf3 Nc6 7. Be3 cxd4 8. Nxd4
Nxd4 9. Bxd4 Nb8 10. Qf3 a6 11. Qf2 b5 12. Bb6 Qd7 13. O-O-O Qc6 14. f5 Nd7 15.
Bd4 Bc5 16. Bd3 Bb7 17. Rhe1 O-O-O 18. Kb1 Kb8 19. Ne2 Rde8 20. Qh4 Ka8 21. Rf1
h6 22. fxe6 fxe6 23. Bg6 Ref8 24. Bf7 Bc8 25. Qg3 g5 26. Qh3 Qb6 27. Bxe6 Bxd4
28. Rxf8 Nxf8 29. Bxc8 Bxe5 30. Rxd5 Ng6 31. a3 Qc6 32. Bg4 Kb8 33. Bf3 Qc8 34.
Bg4 Qc6 35. Qd3 Bc7 36. Bf3 Qb6 37. Qe4 Ka7 38. Nd4 Nh4 39. Rd7 Nxf3 40. Qxf3
Re8 41. Nc6+ Kb7 42. Nb4+ Kc8 43. Rf7 Re1+ 44. Ka2 Qe6+ 45. b3 Qe4 46. Qc3 Qe5
47. Rf8+ Kd7 48. Qc6+ 1-0

[Event "BL 1314 OSG Baden Baden - Schachfr. Ber"]
[Site "?"]
[Date "2014.02.08"]
[Round "7.1"]
[White "Kraemer, Martin"]
[Black "Bacrot, Etienne"]
[Result "1/2-1/2"]
[WhiteElo "2554"]
[BlackElo "2738"]
[PlyCount "64"]
[EventDate "2014.??.??"]

1. d4 Nf6 2. c4 e6 3. Nc3 d5 4. cxd5 Nxd5 5. e4 Nxc3 6. bxc3 c5 7. Rb1 Be7 8.
Bd3 O-O 9. Ne2 b6 10. O-O Bb7 11. Be3 cxd4 12. cxd4 Nc6 13. Qd2 Rc8 14. f3 Qd7
15. Rfd1 Rfd8 16. a4 Na5 17. Bb5 Qc7 18. Rdc1 Qb8 19. Qb2 Qd6 20. Bd2 Qa3 21.
Rc3 Qxb2 22. Rxb2 Nc6 23. Rbc2 Nb4 24. Rc1 Rxc3 25. Rxc3 Rc8 26. Kf2 Rxc3 27.
Bxc3 a6 28. Bc4 Bc6 29. Bxb4 Bxb4 30. Bxa6 Bxa4 31. Ke3 Bc2 32. Bd3 Ba4 1/2-1/2

[Event "BL 1314 OSG Baden Baden - Schachfr. Ber"]
[Site "?"]
[Date "2014.02.08"]
[Round "7.3"]
[White "Dann, Matthias"]
[Black "Vallejo Pons, Francisco"]
[Result "0-1"]
[WhiteElo "2453"]
[BlackElo "2707"]
[PlyCount "61"]
[EventDate "2014.??.??"]

1. e4 e5 2. Nf3 Nc6 3. Bb5 a6 4. Bxc6 dxc6 5. O-O Qd6 6. Na3 Be6 7. Qe2 f6 8.
d4 exd4 9. Rd1 Bg4 10. c3 O-O-O 11. cxd4 f5 12. exf5 Qd5 13. Bf4 Bxf3 14. gxf3
Qxf5 15. Bg3 Bxa3 16. bxa3 Nf6 17. Rd3 Nd5 18. Qe4 Rhf8 19. Re1 Rd7 20. Rb3 Re7
21. Qxe7 Nxe7 22. Rxe7 Rf7 23. Re8+ Kd7 24. Ra8 b6 25. Rxa6 Kc8 26. Rb4 Qxf3
27. Ra8+ Kb7 28. Rba4 c5 29. R4a7+ Kc6 30. Rc8 cxd4 31. Bxc7 0-1

[Event "BL 1314 OSG Baden Baden - Schachfr. Ber"]
[Site "?"]
[Date "2014.02.08"]
[Round "7.4"]
[White "Nisipeanu, Liviu-Dieter"]
[Black "Lauber, Arnd"]
[Result "1-0"]
[WhiteElo "2691"]
[BlackElo "2442"]
[PlyCount "51"]
[EventDate "2014.??.??"]

1. d4 Nf6 2. c4 e6 3. Nf3 b6 4. g3 Ba6 5. Qc2 Bb4+ 6. Bd2 Qe7 7. Bg2 c6 8. O-O
Bxd2 9. Nfxd2 d6 10. Nc3 O-O 11. Rfe1 Bb7 12. Rad1 a6 13. e4 e5 14. c5 dxc5 15.
dxe5 Qxe5 16. Nc4 Qc7 17. e5 Nd5 18. Nd6 Ra7 19. Nxd5 cxd5 20. Nxb7 Qxb7 21. e6
fxe6 22. Rxe6 Kh8 23. Rxd5 Qf7 24. Rf5 Qg8 25. Rxf8 Qxf8 26. Qe4 1-0

[Event "BL 1314 OSG Baden Baden - Schachfr. Ber"]
[Site "?"]
[Date "2014.02.08"]
[Round "7.5"]
[White "Berndt, Stephan"]
[Black "Nielsen, Peter Heine"]
[Result "0-1"]
[WhiteElo "2440"]
[BlackElo "2652"]
[PlyCount "86"]
[EventDate "2014.??.??"]

1. e4 c6 2. d4 d5 3. exd5 cxd5 4. c4 Nf6 5. Nc3 Nc6 6. Nf3 g6 7. cxd5 Nxd5 8.
Qb3 e6 9. Bb5 Bg7 10. O-O O-O 11. Rd1 Qb6 12. Na4 Qc7 13. Bg5 a6 14. Bxc6 Qxc6
15. Rac1 Qb5 16. Qa3 Bd7 17. Nc5 Rfc8 18. Nxd7 Qxd7 19. Qb3 Qb5 20. Qxb5 axb5
21. Rxc8+ Rxc8 22. Rc1 Ra8 23. a3 b4 24. axb4 Nxb4 25. Kf1 Nc6 26. Be3 Ra4 27.
Ke2 Rb4 28. Rc2 Nxd4+ 29. Nxd4 Bxd4 30. Bxd4 Rxd4 31. Ke3 Rd5 32. h4 Kg7 33. g3
Kf6 34. Rc4 Rb5 35. b4 Rb6 36. Rf4+ Ke7 37. Kd3 Rc6 38. g4 f5 39. gxf5 gxf5 40.
Rf3 Kf6 41. Rg3 b5 42. h5 Rc4 43. h6 Rg4 0-1

[Event "BL 1314 OSG Baden Baden - Schachfr. Ber"]
[Site "?"]
[Date "2014.02.08"]
[Round "7.6"]
[White "Gustafsson, Jan"]
[Black "Polzin, Rainer"]
[Result "1-0"]
[WhiteElo "2631"]
[BlackElo "2426"]
[PlyCount "91"]
[EventDate "2014.??.??"]

1. Nf3 Nf6 2. c4 g6 3. g3 c5 4. Bg2 Nc6 5. Nc3 Bg7 6. d4 cxd4 7. Nxd4 O-O 8.
O-O Qa5 9. Nb3 Qh5 10. c5 b6 11. e4 Rb8 12. f4 Qxd1 13. Rxd1 bxc5 14. e5 Ng4
15. Nxc5 d6 16. Bxc6 dxc5 17. Nd5 e6 18. Ne7+ Kh8 19. Bf3 h5 20. h3 Nh6 21.
Nxc8 Rfxc8 22. g4 c4 23. Bd2 Bf8 24. Bc3 Bc5+ 25. Kg2 Be3 26. Rd7 Bxf4 27. Rxa7
Rd8 28. Rb7 Ra8 29. Rc7 Rab8 30. Rxc4 Bd2 31. Rd4 Bxc3 32. Rxd8+ Rxd8 33. bxc3
Rd2+ 34. Kg1 Rd3 35. Kf2 Rxc3 36. a4 Rc2+ 37. Ke3 Rc3+ 38. Ke4 f5+ 39. exf6 Nf7
40. Bh1 Rxh3 41. a5 Nd6+ 42. Ke5 Nc4+ 43. Kxe6 Nxa5 44. Rxa5 Rxh1 45. Ra8+ Kh7
46. f7 1-0

[Event "BL 1314 OSG Baden Baden - Schachfr. Ber"]
[Site "?"]
[Date "2014.02.08"]
[Round "7.7"]
[White "Abel, Dennes"]
[Black "Schlosser, Philipp"]
[Result "0-1"]
[WhiteElo "2429"]
[BlackElo "2613"]
[PlyCount "108"]
[EventDate "2014.??.??"]

1. d4 Nf6 2. c4 e6 3. Nf3 b6 4. g3 Bb4+ 5. Bd2 a5 6. Bg2 O-O 7. O-O Ba6 8. Bg5
Bxc4 9. Bxf6 Qxf6 10. a3 Be7 11. Ne5 Bd5 12. Bxd5 exd5 13. Qb3 Qe6 14. Nc3 Nc6
15. Qxd5 Nxe5 16. Qxe5 Rfc8 17. Rfd1 c6 18. e4 b5 19. Ne2 Bf8 20. Qxe6 fxe6 21.
Nf4 Kf7 22. Nd3 d5 23. Re1 Bd6 24. Rac1 Ke7 25. Re2 Kd7 26. f3 Rc7 27. exd5
exd5 28. Rce1 Rf8 29. Kf2 Kd8 30. Re6 Kd7 31. h4 Rcc8 32. b4 axb4 33. axb4 Ra8
34. f4 Ra2+ 35. Kf3 Ra3 36. R6e3 Rfa8 37. Kg4 Kc7 38. h5 Rc3 39. Nc5 Bxc5 40.
dxc5 Rxe3 41. Rxe3 Kd7 42. Kg5 Ra4 43. h6 gxh6+ 44. Kxh6 Rxb4 45. f5 Rg4 46.
Kxh7 d4 47. Re6 Rxg3 48. Rd6+ Ke7 49. Rxc6 Rg5 50. Rb6 Rxf5 51. Rxb5 Rd5 52.
Kg6 d3 53. Rb7+ Ke6 54. Rb6+ Kd7 0-1

[Event "BL 1314 OSG Baden Baden - Schachfr. Ber"]
[Site "?"]
[Date "2014.02.08"]
[Round "7.8"]
[White "Dautov, Rustem"]
[Black "Thiede, Lars"]
[Result "1-0"]
[WhiteElo "2606"]
[BlackElo "2443"]
[PlyCount "67"]
[EventDate "2014.??.??"]

1. d4 Nf6 2. c4 c5 3. d5 b5 4. cxb5 d6 5. Nc3 g6 6. Nf3 Bg7 7. g3 a6 8. bxa6
O-O 9. Bg2 Nxa6 10. O-O Nc7 11. Re1 Ba6 12. e4 Nd7 13. Bf4 Nb5 14. Nxb5 Bxb5
15. Qc1 Qb6 16. Bh6 Bxh6 17. Qxh6 f6 18. Bh3 Ne5 19. Nxe5 fxe5 20. Be6+ Kh8 21.
Re3 Ba6 22. Rb3 Qa7 23. g4 c4 24. Rh3 Qxf2+ 25. Kh1 Rf7 26. Bxf7 Qxf7 27. Kg2
Rf8 28. Qe3 Rb8 29. Rf3 Qe8 30. Raf1 Rxb2+ 31. Kg3 Kg7 32. Qa3 Rb6 33. Qa5 Qb5
34. Rf7+ 1-0

[Event "BL 1314 SV Hockenheim - SK König Tegel"]
[Site "?"]
[Date "2014.02.08"]
[Round "7.1"]
[White "Rabiega, Robert"]
[Black "Buhmann, Rainer"]
[Result "1/2-1/2"]
[WhiteElo "2494"]
[BlackElo "2582"]
[PlyCount "41"]
[EventDate "2014.??.??"]

1. e4 e6 2. d4 d5 3. Nc3 Bb4 4. exd5 exd5 5. Bd3 c6 6. Nge2 Ne7 7. Ng3 O-O 8.
O-O Nd7 9. Qf3 Ng6 10. Nf5 Re8 11. h3 Ndf8 12. Ne2 Nh4 13. Nxh4 Qxh4 14. c3 Bd6
15. Bf4 Bxf4 16. Nxf4 Bd7 17. Rae1 Ng6 18. Nxg6 hxg6 19. Qg3 Qxg3 20. fxg3 Rxe1
21. Rxe1 1/2-1/2